Quizzes
Events
Quiz Creation
Community
Videos
Private Events
Remove Ads
Sign In
Join for FREE
Feedback
Dark Mode
Quiz Categories
Sports
Geography
Music
Movies
Television
Just For Fun
Miscellaneous
History
Literature
Language
Science
Gaming
Entertainment
Religion
Holiday
For Kids
Quiz Lab
Recent
Popular Today
Quiz Kudos Today
Editor Picks
Curator Picks
Quizzes by...
Day
Popularity
Type
Ratings
Length
Year
Community
Subscriptions
Recent Discussions
Orange Saloon
Badges
Playlists
Quests
Create
Leaderboards
Showdown
Live 5
Trivia Bingo
Activity
Puzzle Library
Sporcle Events
Private Events
Virtual Trivia
Globe League
Become a Host
Pub Owners
SporcleCon
Opinionation
Our Games
Videos
Blog
Mobile Apps
Partnerships
Remove Ads and Go Orange
Feedback
Sports
Athletes
MLB
NBA
NHL
NFL
Soccer
Sports Teams
WWE
NCAA
Football
Premier League
Basketball
Baseball
Hockey
Golf
Tennis
Cricket
Rugby
Auto Racing
Olympics
World Cup
Sports
Athletes
MLB
NBA
NHL
NFL
Soccer
Sports Teams
WWE
NCAA
Football
Premier League
Basketball
Baseball
Hockey
Golf
Tennis
Cricket
Rugby
Auto Racing
Olympics
World Cup
Random Quiz
Search Sporcle
×
Quiz Lab
Quiz Lab
Sports
AFL Teams
Type in answers that appear in a list
Type in answers that appear in a list
Classic
Best Score? Go Orange.
Sydney Players since 2010 Stats
Can you name all the Sydney Players since 2010?
By
schods7
13m
86 Questions
176 Plays
176 Plays
176 Plays
Comments
Comments
Give Quiz Kudos
Give Quiz Kudos
-
- Ratings
hide this ad
Replay
Link that replays current quiz
Next Quiz
Link to next quiz in quiz playlist
You Got
0%
They Got
Avg Score
52%
Avg Friend Score
Upgrade to see
Score Distribution
Jump to the score distribution portion of the page
Score
0/86
Timer
13:00
0
Plays Today
Year
Player Name
% Correct
1999-
2015
Adam Goodes
96%
2014-
Lance Franklin
90.3%
2010-
Josh P. Kennedy
88.1%
2004-
Jarrad McVeigh
85.8%
2007-
Kieren Jack
85.8%
2016-
Tom Papley
85.8%
2013-
15, 2017
Brandon Jack
85.2%
2011-
Luke Parker
84.1%
1999-
2013
Jude Bolton
83%
2006-
Heath Grundy
83%
2008-
Nick Smith
83%
2015-
Isaac Heeney
82.4%
2003-
10
Craig Bolton
80.1%
2000-
14
Ryan O'Keefe
77.8%
2009-
Dan Hannebery
77.8%
2006-
16
Ted Richards
77.3%
2010-
15
Lewis Jetta
76.7%
2010-
15, 2017-
Sam Reid
76.7%
2013, 2015-
16
Xavier Richards
76.1%
2013-
Dane Rampe
75.6%
2013-
17
Kurt Tippett
75%
2016-
Callum Sinclair
75%
2010-
Gary Rohan
73.3%
2016-
Callum Mills
72.7%
1999-
2010
Brett Kirk
72.2%
2014-
Zak Jones
72.2%
2011-
12, 2018-
Alex Johnson
69.9%
2010-
13
Shane Mumford
68.8%
2009-
15
Mike Pyke
68.2%
Year
Player Name
% Correct
2014, 2016-
Sam Naismith
67.6%
2016-
Aliir Aliir
67%
2018-
Ben Ronke
66.7%
2005-
14
Nick Malceski
65.3%
2017-
Oliver Florent
65.3%
2010-
16
Ben McGlynn
64.8%
2009-
15
Rhyce Shaw
63.6%
2015-
16
Toby Nankervis
61.9%
2017-
Will Hayward
61.4%
2014-
Jake Lloyd
60.2%
2013-
16
Tom Mitchell
59.7%
2003-
14
Lewis Roberts-Thomson
59.1%
2008-
13
Martin Mattner
59.1%
2017-
Nic Newman
57.4%
2008-
15
Craig Bird
56.8%
2014-
Dean Towers
56.8%
2017-
Lewis Melican
56.8%
2012-
13
Mitch Morton
55.7%
2014-
17
Jeremy Laidler
53.4%
2001-
08, 2010-
11
Tadgh Kennelly
52.3%
2016-
George Hewett
52.3%
2012-
Harry Cunningham
50.6%
2018-
Tom McCartin
49.3%
2008-
13
Jesse White
46.6%
2015-
Dan Robinson
43.2%
2015-
James Rose
41.5%
2011-
13
Andrejs Everitt
40.9%
2017-
Jordan Dawson
39.8%
2014
Tim Membrey
38.6%
Year
Player Name
% Correct
2013
Jed Lamb
36.9%
2010-
12
Mark Seaby
36.4%
2010-
12
Trent Dennis-Lane
35.8%
2016-
Jordan Foote
35.8%
2018-
Darcy Cameron
34.7%
2016-
Harrison Marsh
33%
2017-
Robbie Fox
32.4%
2016
Michael Talia
30.7%
2004-
11
Paul Bevan
30.1%
2008-
10
Patrick Veszpremi
30.1%
2010
Daniel Bradshaw
30.1%
2013-
14
Shane Biggs
30.1%
2005-
11
Jarred Moore
29.5%
2018-
Colin O'Riordan
29.3%
2009-
11
Brett Meredith
27.8%
2014-
15
Tom Derickx
27.8%
2012-
13
Tony Armstrong
26.7%
2011
Lewis Johnston
25.6%
2012-
13
Tommy Walsh
24.4%
2008, 2010
Henry Playfair
22.7%
2018-
Ryley Stoddart
21.3%
2007-
10
Ed Barlow
18.8%
2011
Matthew Spangher
18.8%
2011
Nathan Gordon
16.5%
2011
Byron Sumner
15.9%
2016
Jack Hiscox
15.9%
2008-
10
Matthew O'Dwyer
14.8%
2010
Campbell Heath
12.5%
Quiz Playlist
Details
Report
Send in Message
Add To Playlist
Classic:
Type in answers that appear in a list
Last Updated: Aug 4, 2018
Quiz Scoreboard
CHALLENGE
Sign Up to Join the Scoreboard
Show All
Scores
Hide
Comments
May contain spoilers
Recently Published
Movies - When Are They Set?
by FPL_Elf
Movies
5m
Popular People in 1961
by mucciniale
History
6m
1-10 Letter E Words III
by El_Dandy
Language
2m
More to Explore
Quiz From the Vault
Featured Blog Post
Where Did the Easter Bunny Come From?
hide this ad
You Might Also Like...
Tags
AFL
AFL Teams
Sydney
Today's Top Quizzes in Sports
Browse Sports
hide this ad
Today's Top Quizzes in AFL Teams
Browse AFL Teams
Top Contributed Quizzes in Sports
1
Les meilleurs buteurs des matchs entre le PSG et l’OM
2
2022 World Cup Stars
3
FIFA Club World Cup Champions
4
Les entraîneurs de l'OM et du PSG au 21e siècle
5
Name the Premier League winners with different clubs
6
La finale Lions - Afrique du Sud 2021
7
Criteria MLB: Left Handed Sluggers
8
Les joueurs passés par le LOSC et le RC Lens
9
Players with Multiple 50 Home Run Seasons
10
MLB Players with Two .350 Batting Average Seasons
Explore More
Trending Topics
Anime
Disney
Marvel
Kpop
Crossword
NBA
Harry Potter
Puzzle
Song
NFL
Pokémon
Country
The Office
Soccer
WWE
hide this ad
More By:
schods7
Quiz
Plays
Rating
Category
Featured
Created
Collingwood Players since 2010
671
5.00
Sports
May 18, 2017
Essendon Players since 2010
669
5.00
Sports
Jul 2, 2017
Top 300 AFL Players (End of 2017 H&A)
585
Sports
Sep 14, 2017
Richmond Players since 2010
523
5.00
Sports
Jun 27, 2017
Western Bulldogs Players since 2010
477
5.00
Sports
Jun 25, 2017
Go to Creator's Profile
Score Distribution
Quiz Creator Spotlight
schods7
Follow
Send a Message
Quizzes Created
-
Created Quiz Play Count
-
More By This Creator
Popular Quizzes Today
1
Find the Countries of Europe - No Outlines Minefield
2
Find the US States - No Outlines Minefield
3
The Countries of the World
4
Popular People in 1961
5
US States
6
1-10 Letter E Words III
7
Find the US States
8
One Thing in Common: World Cities II
More Sports Quizzes
Timeline Blitz: Super Bowl
Curator's Pick
Trending Quizzes
Risky Map Clicking: Least Populous States A-Z
1-10 Letter F Words
1-10 Letter G Words
One Thing in Common: United Kingdom
Risky Map Clicking: Next State Alphabetically
Recently Updated
Leaping Animals
pecheneg
Reality TV Shows (A-Z)
bhenderson79
Rickey Henderson's Hall of Fame Teammates
pecheneg
Champions League XIs: Arsenal
pecheneg
Quick Pick: Celebrities in WWE's Hall of Fame
aduchscher
A-Z Keypad Blitz II
pecheneg
Multiple Oscar Actors
pecheneg
Mystery Phrase Blitz: Oscar 'Best Actors'
pecheneg
F. Scott Fitzgerald Novels
LTH
Pick 3 Villains
ddd62291
Trending Topics
Marvel
Harry Potter
Anime
Crossword
NBA
Disney
Kpop
Song
The Office
NFL
Country
Soccer
Puzzle
WWE
Pokémon
Your Account Isn't Verified!
In order to create a playlist on Sporcle, you need to verify the email address you used during registration. Go to your
Sporcle Settings
to finish the process.
Report this User
Report this user for behavior that violates our
Community Guidelines
.
Details:
Send Report
Go to the Sporcle.com Mobile Site →
Comments